Datum a čas kvízu
26
Celkem bodů
Celkový počet nahraných bodů na tomto kvízu bez doplňovacích otázek.
9.
Pořadí na kvízu
Konečné umístění týmu na tomto kvízu.
Zaznamenané odpovědi
| # | Otázka | Odpověď | Body | Výsledky |
|---|---|---|---|---|
| 1. | Jak se jmenuje náměstek pražsk... | Zdeněk Hřib | 1 | |
| 2. | Minulý týden jsme se dozvěděli... | A) ve lžíci bagru | 1 | |
| 3. | Minulý týden jsme se dozvěděli... | Kanye West, Bianca Censori | 0 | |
| 4. | Minulý týden byl představen no... | Bigster | 1 | |
| 5. | Jakub Vágner prožívá výjimečno... | sumec | 1 | |
| 6. | Hned na začátku tohoto tématu... | para (0,5 b.), piniové (1 b.) | 1 | |
| 7. | V úryvku textu populární české... | Skořápky ořechů, Marie Rottrová | 0 | |
| 8. | Jak se jedním kratším slovem n... | gola | 1 | |
| 9. | Který oříšek se na české Wikip... | muškátový | 1 | |
| 10. | Který z těchto výroků o pohádc... | C | 0 |